000 00959cam a2200325 4500
001 43831
005 20230410115407.0
008 701120s1967 nyua b 001 0 eng
010 _a 66020719
035 _a(OCoLC)ocm00229738
040 _aDLC
_cDLC
_dUKM
_dEL$
_dNLGGC
015 _aGB68-102
029 1 _aUKM
_bb6800102
029 1 _aNLGGC
_b782014518
029 1 _aNZ1
_b2994422
035 _a(OCoLC)229738
050 1 4 _aHD 31
_bM471h 1967
082 0 0 _a658
100 1 _aMaynard, Harold Bright,
_d1902-
245 1 0 _aHandbook of business administration /
_cH. B. Maynard, editor-in-chief.
260 _aNew York :
_bMcGraw-Hill,
_c[1967]
300 _a1 v. (various pagins)
_billus.
_c23 cm.
504 _aIncludes bibliographies.
650 0 _aBusiness.
650 0 _aIndustrial management.
650 4 _aAdministración industrial
_xDiscursos, ensayos, conferencias.
942 _2lcc
_cbk
994 _aC0
_bDRFGD
946 _aLspaulino
999 _c40262
_d40262